000 01190nam0a22003131 4500
001 rc\3469479
005 20250610122641.0
021 _aRU
_b[69-38085ж]
035 _a(NLR Aleph) 007899259
090 _a8027628
_c8027628
100 _a20130115d1969 |||y0rusy50 ca
101 0 _arus
102 _aRU
105 _aa z |||||
200 1 _aОптические и электрические явления в кристаллах
_e[Сборник статей
_fОтв. ред. К.А. Калдер]
210 _aТаллин
_cВалгус
_d1969
215 _a254 с.
_cчерт.
_d22
225 1 _aТруды Института физики и астрономии АН ЭССР
_v36
300 _aРезюме статей на англ. яз.
320 _aБиблиогр. в конце статей
606 _aКристаллы
_xЭлектрические свойства
_jСборники
_2psbo
606 _aКристаллы
_xОптические свойства
_jСборники
_2psbo
702 1 _aКалдер
_bК.А.
_4340
801 0 _aRU
_bNLR
_gpsbo
801 1 _aRU
_bELAR
_2rusmarc
852 _aNLR
_bОНЛ
942 _cBOOK
980 _aNB